000 00929 a2200193 4500
020 _a0805390456 (hardcover)
020 _a9780805390452 (hardcover)
090 _c1696
_d1696
100 1 _aFeynman, Richard P.
245 1 4 _aThe feynman Lectures on Physics :
_bthe definitive edition /
_cRichard P. Feynman, Robert B. Leighton, Matthew Sands.
260 _aNew Delhi
_bPearson Education
_c2009.
300 _a1 v. (unpaged) ;
_c30 cm.
700 _aLeighton, Robert B.
700 _aSands, Matthew
942 _aSNS
_cBK
_k530 FEY
999 _c30304
_d30304